Eugênio, o gênio (Record no. 172505)

MARC details
000 -LÍDER
campo de controle de tamanho fixo 00349 a2200169 4500
001 - NÚMERO DE CONTROLE
campo de controle 172505
020 ## - ISBN - INTERNATIONAL STANDARD BOOK NUMBER
ISBN - International Standard Book Number 85-08-04191-8
040 ## - FONTE DA CATALOGAÇÃO
Instituição que transcreveu o registro Magnum
100 ## - ENTRADA PRINCIPAL--NOME PESSOAL
Nome pessoal Rocha, Ruth
240 10 - TÍTULO UNIFORME
Título uniforme Eugênio, o gênio
Idioma da obra por
245 10 - TÍTULO
Título Eugênio, o gênio
300 ## - DESCRIÇÃO FÍSICA
Extensão 32
362 0# - DATAS DE PUBLICAÇÃO E/OU DESIGNAÇÃO SEQUENCIAL
Datas de publicação e/ou designação sequencial 1994
440 #1 - DECLARAÇÃO DE SÉRIE/ENTRADA ADICIONADA--TÍTULO
Título Ática
697 ## - ENTRADA DE ASSUNTO LOCAL--ENTIDADE COLETIVA (RLIN)
Nome corporativo ou nome da jurisdição LITERATURA INFANTO
942 ## - ELEMENTOS DE ENTRADA ADICIONADOS (KOHA)
Tipo de material Koha Livros
Holdings
Situação do descarte Situação das perdas Situação física Não pode ser emprestado Biblioteca de origem Biblioteca atual Data de aquisição Total de empréstimos Número de chamada completo Código de barras Data de último acesso Data do preço efetivo Tipo de material Koha
        Magnum Magnum 08/06/2024   869.1.535 MAG00019172 08/06/2024 08/06/2024 Livros
        Magnum Magnum 08/06/2024   869.1.535 MAG00019173 08/06/2024 08/06/2024 Livros
        Magnum Magnum 08/06/2024   869.1.535 MAG00019174 08/06/2024 08/06/2024 Livros
        Magnum Magnum 08/06/2024   869.1.535 MAG00019175 08/06/2024 08/06/2024 Livros
        Magnum Magnum 08/06/2024   869.1.535 MAG00019176 08/06/2024 08/06/2024 Livros
        Magnum Magnum 08/06/2024   869.1.535 MAG00019177 08/06/2024 08/06/2024 Livros
        Magnum Magnum 08/06/2024   869.1.535 MAG00019178 08/06/2024 08/06/2024 Livros